| 000 | 00811nam a22002777a 4500 | ||
|---|---|---|---|
| 001 | 8233 | ||
| 003 | FISKH | ||
| 005 | 20250904111507.0 | ||
| 008 | 250904b cb ||||| |||| 00| 0 eng d | ||
| 020 | _a9780478029307 | ||
| 040 |
_aFISKH _beng _cFISKH _dFISKH |
||
| 050 | _aPZ7 | ||
| 082 | _a550 | ||
| 100 | _aGaynor, Bill | ||
| 245 |
_aStories in stones / _cBy Bill Gaynor |
||
| 260 |
_aWellington, New Zealand : _bLearning Media Limited , _c1996. |
||
| 300 |
_a16 pages : _bcolor illustrations ; _c24 cm . |
||
| 490 | _aReading Science | ||
| 505 | _aK | ||
| 520 | _aIntroduces fossils of sea creatures which lived millions of years ago. | ||
| 521 | 8 |
_a510
_bLexile estimate |
|
| 521 | 8 |
_aK
_bRaz-Plus |
|
| 700 |
_aHall, Mission _eDesigner |
||
| 942 |
_2ddc _cBK _n0 |
||
| 999 |
_c8233 _d8233 |
||